| 000 | 00955cab a2200289 4500 | ||
|---|---|---|---|
| 001 | ABS46130 | ||
| 008 | 090401t1992 xxu||||| |||| 00| 0 eng d | ||
| 035 | _a(Sirsi) u56926 | ||
| 041 | _aeng | ||
| 245 | _aHolland attracts foreign investment | ||
| 260 | _c1992 | ||
| 350 | _a0 | ||
| 490 |
_aEuro-Build _v(33) 1 March 1992, 14-16(3) |
||
| 520 | _aLooks at the opportunities for foreign investors in the Netherlands. Diagrams show real estate yields for industry, retail, and office markets, prime office rental prices and general economic factors such as GNP and consumer prices. | ||
| 650 | _aAMSTERDAM | ||
| 650 | _aDEN HAAG | ||
| 650 | _aECONOMIC FACTORS | ||
| 650 | _aNETHERLANDS | ||
| 650 | _aOFFICE RENTS | ||
| 650 | _aROTTERDAM | ||
| 650 | _aUTRECHT | ||
| 650 | _aYIELDS | ||
| 690 | _aPROPERTY-COMMERCIAL PROPERTY-COMMERCIAL PROPERTY FINANCE AND INVESTMENT | ||
| 690 | _aOVERSEAS-EUROPE | ||
| 942 | _n0 | ||
| 948 | _c04/03/1997 | ||
| 999 |
_c34734 _d34734 |
||